<?xml version="1.0" encoding="UTF-8"?>
<record
    xmlns:xsi="http://www.w3.org/2001/XMLSchema-instance"
    xsi:schemaLocation="http://www.loc.gov/MARC21/slim http://www.loc.gov/standards/marcxml/schema/MARC21slim.xsd"
    xmlns="http://www.loc.gov/MARC21/slim">

  <leader>01472nam a2200265Ia 4500</leader>
  <controlfield tag="001">18084</controlfield>
  <controlfield tag="003">GE_BSU</controlfield>
  <controlfield tag="008">181216s||||||||xx |||||||||||||| ||und||</controlfield>
  <datafield tag="020" ind1=" " ind2=" ">
    <subfield code="a">99940-61-31-3</subfield>
  </datafield>
  <datafield tag="040" ind1=" " ind2=" ">
    <subfield code="c">GE_BSU</subfield>
  </datafield>
  <datafield tag="245" ind1=" " ind2=" ">
    <subfield code="a">XXVI &#x10E0;&#x10D4;&#x10E1;&#x10DE;&#x10E3;&#x10D1;&#x10DA;&#x10D8;&#x10D9;&#x10E3;&#x10E0;&#x10D8; &#x10D3;&#x10D8;&#x10D0;&#x10DA;&#x10D4;&#x10E5;&#x10E2;&#x10DD;&#x10DA;&#x10DD;&#x10D2;&#x10D8;&#x10E3;&#x10E0;&#x10D8; &#x10E1;&#x10D0;&#x10DB;&#x10D4;&#x10EA;&#x10DC;&#x10D8;&#x10D4;&#x10E0;&#x10DD; &#x10E1;&#x10D4;&#x10E1;&#x10D8;&#x10D0;:&#x10DB;&#x10D0;&#x10E1;&#x10D0;&#x10DA;&#x10D4;&#x10D1;&#x10D8;</subfield>
  </datafield>
  <datafield tag="245" ind1=" " ind2=" ">
    <subfield code="b">2006 &#x10EC;. 14-16 &#x10DC;&#x10DD;&#x10D4;&#x10DB;&#x10D1;&#x10D4;&#x10E0;&#x10D8;</subfield>
  </datafield>
  <datafield tag="245" ind1=" " ind2=" ">
    <subfield code="c">&#x10E0;&#x10D4;&#x10D3;.: &#x10DB;. &#x10E9;&#x10E3;&#x10EE;&#x10E3;&#x10D0;, &#x10DB;. &#x10D1;&#x10D4;&#x10E0;&#x10D8;&#x10EB;&#x10D4;</subfield>
  </datafield>
  <datafield tag="250" ind1=" " ind2=" ">
    <subfield code="a">&#x10E5;&#x10D0;&#x10E0;&#x10D7;. &#x10D4;&#x10DC;. &#x10DB;&#x10D4;&#x10EA;&#x10DC;. &#x10E8;&#x10D4;&#x10E1;&#x10EC;&#x10D0;&#x10D5;&#x10DA;&#x10D8;&#x10E1; &#x10E1;&#x10D0;&#x10DB;&#x10D4;&#x10EA;&#x10DC;. &#x10E1;&#x10D0;&#x10D1;&#x10ED;&#x10DD;, &#x10D3;&#x10D8;&#x10D0;&#x10DA;&#x10D4;&#x10E5;&#x10E2;&#x10DD;&#x10DA;. &#x10E1;&#x10D0;&#x10DB;&#x10D4;&#x10EA;&#x10DC;. &#x10E1;&#x10D0;&#x10D1;&#x10ED;&#x10DD;, &#x10D4;&#x10DC;&#x10D0;&#x10D7;&#x10DB;&#x10D4;&#x10EA;&#x10DC;. &#x10D8;&#x10DC;-&#x10E2;&#x10D8;</subfield>
  </datafield>
  <datafield tag="260" ind1=" " ind2=" ">
    <subfield code="a">&#x10D7;&#x10D1;&#x10D8;&#x10DA;&#x10D8;&#x10E1;&#x10D8;</subfield>
  </datafield>
  <datafield tag="260" ind1=" " ind2=" ">
    <subfield code="b">&#x10E3;&#x10DC;&#x10D8;&#x10D5;&#x10D4;&#x10E0;&#x10E1;&#x10D0;&#x10DA;&#x10D8;</subfield>
  </datafield>
  <datafield tag="260" ind1=" " ind2=" ">
    <subfield code="c">2006</subfield>
  </datafield>
  <datafield tag="300" ind1=" " ind2=" ">
    <subfield code="a">72&#x10D2;&#x10D5;. ; 20&#x10E1;&#x10DB;</subfield>
  </datafield>
  <datafield tag="520" ind1=" " ind2=" ">
    <subfield code="a">&#x10D4;&#x10EB;&#x10E6;&#x10D5;&#x10DC;&#x10D4;&#x10D1;&#x10D0; &#x10D2;&#x10D8;&#x10DD;&#x10E0;&#x10D2;&#x10D8; &#x10E0;&#x10DD;&#x10D2;&#x10D0;&#x10D5;&#x10D0;&#x10E1; &#x10D3;&#x10D0;&#x10D1;&#x10D0;&#x10D3;&#x10D4;&#x10D1;&#x10D8;&#x10E1; 100 &#x10EC;&#x10DA;&#x10D8;&#x10E1;&#x10D7;&#x10D0;&#x10D5;&#x10E1;.</subfield>
  </datafield>
  <datafield tag="541" ind1=" " ind2=" ">
    <subfield code="h">3&#x10DA;.</subfield>
  </datafield>
  <datafield tag="653" ind1=" " ind2=" ">
    <subfield code="a">XXVI &#x10E0;&#x10D4;&#x10E1;&#x10DE;&#x10E3;&#x10D1;&#x10DA;&#x10D8;&#x10D9;&#x10E3;&#x10E0;&#x10D8; &#x10D3;&#x10D8;&#x10D0;&#x10DA;&#x10D4;&#x10E5;&#x10E2;&#x10DD;&#x10DA;&#x10DD;&#x10D2;&#x10D8;&#x10E3;&#x10E0;&#x10D8; &#x10E1;&#x10D0;&#x10DB;&#x10D4;&#x10EA;&#x10DC;&#x10D8;&#x10D4;&#x10E0;&#x10DD; &#x10E1;&#x10D4;&#x10E1;&#x10D8;&#x10D0;</subfield>
  </datafield>
  <datafield tag="653" ind1=" " ind2=" ">
    <subfield code="a">&#x10D9;&#x10D0;&#x10D5;&#x10D9;&#x10D0;&#x10E1;&#x10D8;&#x10E3;&#x10E0;&#x10D8; &#x10D4;&#x10DC;&#x10D4;&#x10D1;&#x10D8;; &#x10D3;&#x10D8;&#x10D0;&#x10DA;&#x10D4;&#x10E5;&#x10E2;&#x10DD;&#x10DA;&#x10DD;&#x10D2;&#x10D8;&#x10D0;</subfield>
  </datafield>
  <datafield tag="653" ind1=" " ind2=" ">
    <subfield code="a">&#x10E5;&#x10D0;&#x10E0;&#x10D7;&#x10E3;&#x10DA;&#x10D8; &#x10D4;&#x10DC;&#x10D8;&#x10E1; &#x10D3;&#x10D8;&#x10D0;&#x10DA;&#x10D4;&#x10E5;&#x10E2;&#x10D4;&#x10D1;&#x10D8;; &#x10E5;&#x10D0;&#x10E0;&#x10D7;&#x10D5;&#x10D4;&#x10DA;&#x10E3;&#x10E0;&#x10D8; &#x10D4;&#x10DC;&#x10D4;&#x10D1;&#x10D8;&#x10E1; &#x10D3;&#x10D8;&#x10D0;&#x10DA;&#x10D4;&#x10E5;&#x10E2;&#x10D4;&#x10D1;&#x10D8;;</subfield>
  </datafield>
  <datafield tag="942" ind1=" " ind2=" ">
    <subfield code="c">BK</subfield>
  </datafield>
  <datafield tag="999" ind1=" " ind2=" ">
    <subfield code="c">51127</subfield>
    <subfield code="d">51127</subfield>
  </datafield>
  <datafield tag="952" ind1=" " ind2=" ">
    <subfield code="0">0</subfield>
    <subfield code="1">0</subfield>
    <subfield code="4">0</subfield>
    <subfield code="7">0</subfield>
    <subfield code="9">70212</subfield>
    <subfield code="d">2018-12-17</subfield>
    <subfield code="p">46144</subfield>
    <subfield code="r">2018-12-17</subfield>
    <subfield code="w">2018-12-17</subfield>
    <subfield code="y">BK</subfield>
  </datafield>
  <datafield tag="952" ind1=" " ind2=" ">
    <subfield code="0">0</subfield>
    <subfield code="1">0</subfield>
    <subfield code="4">0</subfield>
    <subfield code="7">0</subfield>
    <subfield code="9">70213</subfield>
    <subfield code="d">2018-12-17</subfield>
    <subfield code="p">46145</subfield>
    <subfield code="r">2018-12-17</subfield>
    <subfield code="w">2018-12-17</subfield>
    <subfield code="y">BK</subfield>
  </datafield>
  <datafield tag="952" ind1=" " ind2=" ">
    <subfield code="0">0</subfield>
    <subfield code="1">0</subfield>
    <subfield code="4">0</subfield>
    <subfield code="7">0</subfield>
    <subfield code="9">70214</subfield>
    <subfield code="d">2018-12-17</subfield>
    <subfield code="p">46146</subfield>
    <subfield code="r">2018-12-17</subfield>
    <subfield code="w">2018-12-17</subfield>
    <subfield code="y">BK</subfield>
  </datafield>
</record>
